CLASSICAL MECHANICS (Record no. 24997)

MARC details
000 -LEADER
fixed length control field 00325nam a22001577a 4500
003 - CONTROL NUMBER IDENTIFIER
control field SGT
020 ## - INTERNATIONAL STANDARD BOOK NUMBER
International Standard Book Number 9788131758915
082 ## - DEWEY DECIMAL CLASSIFICATION NUMBER
Classification number 531
Item number GOL
100 ## - MAIN ENTRY--PERSONAL NAME
Personal name GOLDSTEIN,HERBERT
245 ## - TITLE STATEMENT
Title CLASSICAL MECHANICS
250 ## - EDITION STATEMENT
Edition statement 3RD
260 ## - PUBLICATION, DISTRIBUTION, ETC. (IMPRINT)
Place of publication, distribution, etc NEW DELHI
Name of publisher, distributor, etc PEARSON
Year of Publication 2023
300 ## - PAGE DESCRIPTION
No. of Pages 646
650 ## - SUBJECT ADDED ENTRY--TOPICAL TERM
Topical term or geographic name as entry element PHYSICS
942 ## - ADDED ENTRY ELEMENTS (KOHA)
Source of classification or shelving scheme Dewey Decimal Classification
Koha item type Books
Holdings
Withdrawn status Lost status Source of classification or shelving scheme Damaged status Use restrictions Not for loan Collection code Home library Current library Shelving location Date acquired Vendor Name Cost, normal purchase price SGTU Bill Number Full call number Accession No. (Barcode) Date last seen Bill Date Koha item type
    Dewey Decimal Classification   Restricted Access Not For Loan ENGINEERING SGT Engineering Library SGT Engineering Library Reference Book 06/09/2023 AHUJA BOOK COMPANY 935.00 SGTU 17044 531 GOL FE8860 06/09/2023 12/07/2023 Books